Normal view
MARC view
- عباسي، جلال
Entry Personal Name
001 - CONTROL NUMBER
- control field: 46600
003 - CONTROL NUMBER IDENTIFIER
- control field: JO-AjAnu
005 - DATE AND TIME OF LATEST TRANSACTION
- control field: 20230606081711.0
008 - FIXED-LENGTH DATA ELEMENTS
- fixed length control field: 230606|| aca||aabn | a|a d
040 ## - CATALOGING SOURCE
- Original cataloging agency: JO-AjAnu
- Transcribing agency: JO-AjAnu
100 ## - HEADING--PERSONAL NAME
- Personal name: عباسي، جلال
670 ## - SOURCE DATA FOUND
- Source citation: Work cat.: (JO-AjAnu)23853: عباسي، جلال , author, قانون محكمة العدل العليا الأردنية رقم 11 لعام 1989: شرح قانون أصول المحاكمات المدنية رقم 24 لعام 1988